| 000 | 00468nam a22001817a 4500 | ||
|---|---|---|---|
| 005 | 20230819144041.0 | ||
| 008 | 230816b |||||||| |||| 00| 0 eng d | ||
| 020 | _a978-1498-751674 | ||
| 041 | _aeng | ||
| 082 | _a617.5 BLO-A | ||
| 100 |
_aBLOM, ASHLEY AND OTHERS _98038 |
||
| 245 | _aAPLEY AND SOLOMON'S SYSTEM OF ORTHOPAEDICS AND TRAUMA | ||
| 250 | _a10TH ED | ||
| 260 |
_aCRS PRESS _bNEW YORK _c2018 |
||
| 300 | _a1012;p | ||
| 650 |
_aBPT _98039 |
||
| 942 | _cBK | ||
| 999 |
_c8352 _d8350 |
||